Dějiny Spojených států amerických /

Hlavní autor: Tindall, George Brown, 1921-2006
Další autoři: Shi, David E., 1951-
Jazyk: Čeština
Vydáno: Praha : Nakladatelství Lidové noviny, 2000
Vydání: 4., opr. a dopl. vyd.
Edice: Dějiny států
Témata:
Fyzický popis: 921 s. : il., mapy ; 22 cm
Knihy
Uloženo v:
LEADER 01411nam a2200373 a 4500
001 000541556
003 CZ BrMZK
005 20051213123318.0
007 ta
008 000115s2000 xr f cze d
015 |a cnb000887743 
020 |a 80-7106-452-1 
040 |a BOA001  |b cze 
043 |a n-us--- 
072 7 |a 94(73)  |x Dějiny Spojených států amerických  |2 Konspekt  |9 8 
080 |a 94(73)  |2 MRF 
080 |a (048.8)  |2 MRF 
100 1 |a Tindall, George Brown,  |d 1921-2006  |7 mzk2005286767 
245 1 0 |a Dějiny Spojených států amerických /  |c George B. Tindall, David E. Shi 
250 |a 4., opr. a dopl. vyd. 
260 |a Praha :  |b Nakladatelství Lidové noviny,  |c 2000 
300 |a 921 s. :  |b il., mapy ;  |c 22 cm 
490 1 |a Dějiny států 
500 |a Bibliogr. 
655 7 |a přehledy  |7 fd133202  |2 czenas 
651 7 |a Spojené státy americké  |7 ge128584  |x dějiny  |2 czenas 
700 1 |a Shi, David E.,  |d 1951-  |7 mzk2005286768 
765 0 |t America: a narrative history 
830 0 |a Dějiny států  |0 s 
910 |a BOA001  |b 2-1080.292 
990 |a BK 
996 6 |b 2610126615  |c 2-1080.292  |l MZK  |r Sklad / do 1 hodiny  |n 8  |p p.v.  |w 000541556  |u 000010  |a 1  |e BOA001  |j MZK50  |s P 
996 7 |b 2610126616  |c 2-1080.292  |l MZK  |r Sklad / do 1 hodiny  |n 67  |p kup  |w 000541556  |u 000020  |a 1  |e BOA001  |j MZK50  |s A 
996 7 |b 2610126713  |c 2-1080.292  |l MZK  |r Sklad / do 1 hodiny  |n 67  |p kup  |w 000541556  |u 000030  |a 1  |e BOA001  |j MZK50  |s A